Supercars - Statistics

General Stats
  • This quiz has been taken 347 times
  • The average score is 25 of 29
Answer Stats
Hint Answer % Correct
Aventador Lamborghini
100%
Egoista Lamborghini
100%
Huracan Lamborghini
100%
458 Ferrari
99%
LaFerrari Ferrari
99%
Veyron Bugatti
97%
911 GT3 Turbo Porsche
97%
Carrerra GT Porsche
97%
P1 Mclaren
95%
F1 Mclaren
95%
GTR Nissan
95%
R8 Audi
94%
I8 BMW
94%
Camaro Chevrolet
94%
Camaro SS Chevrolet
94%
Challenger Dodge
94%
Hueyra Pagani
94%
Zonda Pagani
94%
One:1 Koenigsegg
89%
Regera Koenigsegg
89%
SLK Mercedes
89%
Vanquish Aston Martin
88%
Continental GT Bentley
85%
GT Ford
85%
Octavia Skoda
63%
S7 Saleen
60%
M600 Noble
54%
Ultimate Aero XT SSC
49%
W12 Volkswagen
42%
No matching quizzes found
Score Distribution
Percent of People with Each Score
Percentile by Number Answered
Your Score History
You have not taken this quiz